01535nam a2200361 a 4500001001000000003000500010005001700015008004100032010001100073011001100084040000900095090001000104100004500114245016800159260004100327500006000368502006900428590004100497590004000538590004000578590004000618650002000658650002000678650005200698650003500750856007000785901000700855942001000862942000600872999001900878952013600897952014001033000111574CHAP20220329144219.0150617s2015 mx a fsm |||||||spa d a108036 a109008 cCHAP aTesis1 aPalacios Cruz, Dorian de Jesús912946110aCálculo del índice de deterioro edáfico del macizo forestal del Ejido de San Jerónimo Amanalco, Texcocoh[En línea]cpor Dorian de Jesús Palacios Cruz. aChapingo, Méx. :bEl autor,c2015. aPara ver el contenido del material haga clic en la liga aTesis (Ing. Forestal) -- UACH. División de Ciencias Forestales aE11695DGDb10c20150618lUCH01h1327 aE5995AHEb05c20150617lUCH01h1148 aE5995AHEb05c20150617lUCH01h1151 aE5995AHEb05c20150617lUCH01h115314aCuencas.93008514aRodales.99822914aSuelosxConservaciónxMéxico (Edo.)911030714aSuelosxDegradación.9110336 aFinding aiduhttp://10.13.5.2/tesis/sist111574.pdfzTeclea aquí aBK cTESIS n0 c108036d108036 00104054718TESISaBCbBCd2015-06-17fTESISl0oTesisp33724002502967r2019-12-31 00:00:00w2019-12-31yTESISzRecien adquirido 00102local4053708TESISaBCbBCcPA_TESISd2015-06-17fTESISl0oTesisp33724002503009r2019-12-31 00:00:00tc.2w2019-12-31yTESIS